00517nam a2200193 a 4500001001300000003000900013005001700022008004100039020001000080082001800090100001700108245006500125260003600190300000900226500003500235505002300270650001300293700001700306nice12345678IN_TiNIC20260116013039.0050524s1972 newa grp 000 0 eng  ac20000a294.5922bNAR aNarayan, R K aRamayanab Shortened Modern Prose Version of the Indian Epic aNew DelhibPenguin Books c1972 a171p aincludes index and biblioraphy2 aGlossary, Epilogue aRamayana1 aNarayan, R K